000 01880nam a2200529 i 4500
001 30804
003 KOSZ 005
005 20210325101301.0
008 980702s1995 pl a f |000 0 pol
015 _aUWD 1996/9960
020 _a8386676663
035 _a991004199509705066
035 _a(PL-WaBN)b11113510-48omnis_nlop
035 _ab11113510
035 _a(OCoLC)749764381
035 _azz2005905892
035 _a(PL)b0000001111351
035 _a(EXLNZ-48OMNIS_NETWORK)9910404922505606
040 _aWA N
_cWA N
_dKOSZ 005/EG
080 _a551.31
080 _a551.43
080 _a631.4
080 _a(438)
100 1 _aJózefaciuk, Anna
_eAutor
245 1 0 _aErozja agroekosystemów =
_bErosion of the agroecosystems /
_cAnna Józefaciuk, Czesław Józefaciuk ; [Państwowa Inspekcja Ochrony Środowiska, Instytut Uprawy, Nawożenia i Gleboznawstwa w Puławach].
260 _aWarszawa :
_bPIOŚ,
_c1995.
300 _a168 s. :
_bfot. (w tym kolor.), mapy, rys., wykr. ;
_c24 cm.
336 _aTekst
_btxt
_2rdacontent
337 _aBez urządzenia pośredniczącego
_bn
_2rdamedia
338 _aWolumin
_bnc
_2rdacarrier
380 _aKsiążki
388 _a1901-2000
388 _a1989-2000
490 1 _aBiblioteka Monitoringu Środowiska
504 _aBibliogr. s. 162-168.
650 7 _aErozja gleby
_2DBN
650 7 _aWąwozy
_2DBN
650 7 _aGeografia fizyczna
651 7 _aPolska
_2DBN
658 _aGeografia i nauki o Ziemi
700 1 _aJózefaciuk, Czesław
_d(1931- )
_eAutor
710 1 _aPaństwowa Inspekcja Ochrony Środowiska
_4pbl
830 0 _aBiblioteka Monitoringu Środowiska
856 _uhttp://koha.tu.koszalin.pl/cgi-bin/koha/opac-detail.pl?biblionumber=30804
_yKatalog online BPK
942 _2UKD
_cKS
999 _c30804
_d30804